000 00283nam a2200109Ia 4500
008 220204s9999 xx 000 0 und d
082 _a159.9
_bCAS
100 _aHerbert N
245 0 _aSecrets of success and self improvement
260 _aBombay
_bD B Taraporevala
_c1977
942 _cBK
999 _c33085
_d33085